Žilina definitívne v šestke

Podrobná bibliografia
Hlavní autori: jež (Autor), nek (Autor)
Médium: Článok
Jazyk:slovenčina
Predmet:

MARC

LEADER 00000nab a2200000 a 4500
001 vtls000373943
003 SK-MaSNL
005 20260303192641.0
008 111202c1990 xo 0 slo
015 |a SNBRB19rr/mm-uuuuu 
035 |a CL0374065 
040 |a SNKBUCL  |b slo  |c SNKBUCL  |e AACR2 
041 0 |a slo 
044 |a xo  |c SK 
080 |a 796.325.093.1(437)  |2 1981 
100 1 |a jež  |4 aut  |9 838352 
245 1 0 |a Žilina definitívne v šestke  |c jež, nek 
650 0 7 |a volejbal  |2 snkbucl  |9 3294 
655 7 |a články z novín a časopisov  |2 snkbucl  |9 267496 
700 1 |a nek  |4 aut  |9 1004163 
773 0 |t Šport  |g Roč. 44, č. 35 (10. 2. 1990), s. 6 
850 |a Slovenská národná knižnica v Martine  |a MTA001 
852 |a SNK  |b KIS3GCP 
958 |a RK 
992 |a RBX 
999 |c 2147697  |d 2149627